| 000 | 01578nam a2200241Ia 4500 | ||
|---|---|---|---|
| 999 |
_c51949 _d51949 |
||
| 001 | 18950 | ||
| 003 | GE_BSU | ||
| 005 | 20210426143527.0 | ||
| 008 | 181216s2013||||ge |||||||||||||| ||geo|| | ||
| 040 | _cGE_BSU | ||
| 041 | _ageo | ||
| 080 | _a 63 წ-33 | ||
| 100 |
_aწეროძე, მირანდა _911626 |
||
| 245 |
_aფიტოფაგი მწერების ეკოლოგიური თავისებურებანი და მათი პათოგენი სოკოები აჭარის სუბტროპიკულ ზონაში / _cმირანდა წეროძე; სამეცნიერო ხელმძღვანელი ა. მურვანიძე; ბათუმის შოთა რუსთაველის სახ-ფო უნ-ტი. |
||
| 264 |
_aბათუმი, _c2013. |
||
| 300 |
_a144 გვ.; _b30 სმ. |
||
| 653 | _aდისერტაცია | ||
| 653 | _aსოფლის მეურნეობა | ||
| 653 | _aფიტოფაგი მწერების ეკოლოგიური თავისებურებანი და მათი პათოგენი სოკოები აჭარის სუბტროპიკულ ზონაში | ||
| 700 |
_aმურვანიძე, ა. _eსამეცნიერო ხელმძღვანელი _91804 |
||
| 710 |
_aბათუმის შოთა რუსთაველის სახ-ფო უნ-ტი _911627 |
||
| 942 |
_cBK _2udc |
||